|
|
|
|
| LEADER |
01340cas a2200181 a 4500 |
| 001 |
AALejournalIMF015697 |
| 008 |
230101c9999 xx r poo 0 0eng d |
| 020 |
|
|
|z 9781557753038
|
| 040 |
|
|
|a BD-DhAAL
|c BD-DhAAL
|
| 245 |
1 |
0 |
|a Macroeconomic Adjustment :
|b Policy Instruments and Issues.
|
| 264 |
|
1 |
|a Washington, D.C. :
|b International Monetary Fund,
|c 1992.
|
| 300 |
|
|
|a 1 online resource (99 pages)
|
| 500 |
|
|
|a <strong>Off-Campus Access:</strong> No User ID or Password Required
|
| 500 |
|
|
|a <strong>On-Campus Access:</strong> No User ID or Password Required
|
| 506 |
|
|
|a Electronic access restricted to authorized BRAC University faculty, staff and students
|
| 520 |
3 |
|
|a IMF-supported adjustment programs aim to restore economic growth, while bringing about a sustainable balance of payments position. Achievement of these goals requires coordinated use of a variety of policy meansures, including monetary and fiscal, exchange rate, external debt management, and structural policies, which affect capacity use and productive potential. This book, edited by Jeffrey M. Davis, provides an introductory review of some of the policy issues in each of these areas.
|
| 538 |
|
|
|a Mode of access: Internet
|
| 856 |
4 |
0 |
|z Full text available on IMF
|u http://elibrary.imf.org/view/books/071/04365-9781557753038-en/04365-9781557753038-en-book.xml
|z IMF e-Library
|